00924na a2200265 450000100060000000300080000600500170001400800410003102000180007203500100009004000250010004100080012508200250013310000290015824501180018724600290030526000660033430000190040049000500041949000530046950400430052265000340056565000420059970000170064114603MIRAKIL20181213155256.0161101b tu 000 0  a9786053993421 a14603 aMilasbturcTR-AnCHP atur a341.481bÇ45u 2014 aÇınar, Heval Çınar aUluslararası insan hakları hukukunda vicdani red ve TürkiyecÖzgür Heval Çınar ; çeviren Defne Orhun aVicdani red ve Türkiye aİstanbulbİstanbul Bilgi Üniversitesi Yayınlarıc2014 a327 s.c23 sm. aİnsan hakları hukuku çalışmalarıv18 aİstanbul Bilgi Üniversitesi yayınlarıv472 aKaynakça (299-319 ss.) ve dizin var. aVicdani redxHukuk ve mevzuat aİnsan haklarıxUluslararası hukuk aOrhun, Defne